000
00292nam a2200121 4500
999
_c
11585
_d
11585
003
OSt
005
20230530185319.0
008
230530b ||||| |||| 00| 0 eng d
100
_a
Virginia and lee McAlester
245
_a
A Field guide to American houses
260
_b
New York
942
_2
ddc